Catálogo oficial / (Record no. 62199)
[ view plain ]
| 000 -LEADER | |
|---|---|
| campo de control de longitud fija | 00598nam a2200169 i 4500 |
| 001 - NÚMERO DE CONTROL | |
| campo de control | 62199 |
| 003 - IDENTIFICADOR DE NÚMERO DE CONTROL | |
| campo de control | ES-MaACL |
| 005 - FECHA Y HORA DE LA ÚLTIMA TRANSACCIÓN | |
| campo de control | 20230906164626.0 |
| 007 - CAMPO FIJO DE DESCRIPCIÓN FÍSICA--INFORMACIÓN GENERAL | |
| campo de control de longitud fija | t| |
| 008 - DATOS DE LONGITUD FIJA--INFORMACIÓN GENERAL | |
| campo de control de longitud fija | 031118m19681969sp ||||1| spa d |
| 111 2# - ENTRADA PRINCIPAL--NOMBRE DE CONGRESO/REUNIÓN | |
| Nombre de congreso/reunión o jurisdicción como elemento de entrada | Feria Técnica Internacional de la Maquinaria Agrícola ( |
| Sede del congreso/Lugar de la reunión | Zaragoza) |
| 9 (RLIN) | 744 |
| 245 10 - MENCIÓN DEL TÍTULO | |
| Título | Catálogo oficial / |
| Mención de responsabilidad, etc. | Feria Técnica Internacional de la Maquinaria Agrícola, Zaragoza, 1968-1969. |
| 260 ## - PUBLICACIÓN, DISTRIBUCIÓN, ETC. | |
| Lugar de publicación, distribución, etc. | Zaragoza : |
| Nombre del editor, distribuidor, etc. | [s.n., |
| Fecha de publicación, distribución, etc. | 1968-1969] ( |
| Fabricante | Tall. Gráf. "La Editorial") |
| 300 ## - DESCRIPCIÓN FÍSICA | |
| Extensión | 2 v. : |
| Otras características físicas | il. ; |
| Dimensiones | 22 cm. |
| 500 ## - NOTA GENERAL | |
| Nota general | Son los años 2 y 3. |
| 852 ## - LOCALIZACIÓN | |
| Ubicación | ES-MaACL |
| Número de control de estantería | P-1722 |
| Sublocalización o colección | R.65977 |
| Estatus retirado | Estado de pérdida | Estado de daño | No para préstamo | Biblioteca de origen | Biblioteca actual | Ubicación en estantería | Fecha de adquisición | Fuente de adquisición | Total de préstamos | Signatura topográfica completa | Código de barras | Visto por última vez | Precio de reemplazo | Tipo de ítem Koha |
|---|---|---|---|---|---|---|---|---|---|---|---|---|---|---|
| Biblioteca del Ateneo de Madrid | Biblioteca del Ateneo de Madrid | Depósito 2 | 17/01/2008 | P-1722 | 1065206 | 23/02/2023 | 23/02/2023 | Libro impreso |
